000 00541nam a2200157 4500
001 109123
003 ES-MaACL
007 t|
008 061121s1909 gw r ||||1| ger d
100 1 _aMuckle, Friedrich.
_984022
245 1 0 _aDie Geschichte der sozialistischen Ideen im 19. Jahrhundert /
_cFriedrich Muckle.
260 _aLeipzig :
_bTeubner,
_c1909.
300 _a2v. ;
_c19 cm.
500 _aContiene: Tomo I Der rationale Sozialismus. Tomo II Proudhon und der entwicklungsgeschichtliche Sozialismus.
852 _aES-MaACL
_jG-2943-4
999 _c109123
_d109123